Statistiques concernant Culture Générale - Série 1197

Cliquez ici pour prendre le quiz!

Statistiques générales

  • Ce quiz a été pris 47 fois
  • Le résultat moyen est 5 sur 10

Statistiques - réponses

QuestionRéponse% Correct
Dans quelle capitale peut-on visiter le Kremlin et se balader sur la place Rouge ?Moscou
100%
Dans la phrase "y a pas de problème", quel nom de petit reptile peut remplacer le mot "problème" ?lézard
91%
Dans quelle collectivité territoriale française les Blancs issus des colonies sont-ils appelés familièrement les "caldoches"?Nouvelle-Calédonie
77%
Dans quel sport l'Argentin Carlos Monzon s'est-il illustré dans les années 1970 ?boxe
57%
Quelle ville de Croatie, sur la côte dalmate, s'appelait autrefois Raguse ?Dubrovnik
53%
Dans le film "La Boum", quel est le prénom du personnage interprété par Sophie Marceau ?Vic
47%
Dans quel sport s'est illustré Kareem Abdul-Jabbar ?basket-ball
36%
A Berlin, quel est le nom de la place sur laquelle se dresse la tour de la télévision ?Alexanderplatz
21%
En 1972, dans quel feuilleton télévisé Marthe Keller, une princesse scandinave, épouse-t-elle Louis Velle, un diplomate avignonnais ?La Demoiselle d'Avignon
21%
Quelle mer, faisant partie de l'océan Arctique, baigne les côtes nord de l'Alaska et le nord-ouest du Canada ?mer de Beaufort
4%

Distribution des résultats

Percentile par nombre de réponses

% des personnes avec chaque résultat

Votre développement - résultats

Vous n’avez pas pris ce quiz